=LDR 00000nam 2200000 4500 =001 INLIS000000000000886 =005 20130612085315 =008 ***********************************Ind** =035 ##$$0010-061300000000886 =041 ##$$a Ind =082 ##$$a 551.48 =090 ##$$a 551.48, Lee-h =100 ##$$a Lee, Richard =245 ##$$a Hidrologi hutan, Richard Lee =260 ##$$a 1990 $b Yogyakarta =300 ##$$a xvii, 431 hlm, 21 cm =650 ##$$a Hidrologi hutan =850 ##$$a NBPNMAT